MARC details
| 000 -LEADER |
| fixed length control field |
01944cam a2200301 a 4500 |
| 001 - CONTROL NUMBER |
| control field |
1144890 |
| 003 - CONTROL NUMBER IDENTIFIER |
| control field |
GZU |
| 005 - DATE AND TIME OF LATEST TRANSACTION |
| control field |
20220713121900.0 |
| 008 - FIXED-LENGTH DATA ELEMENTS--GENERAL INFORMATION |
| fixed length control field |
951031s1996 nju b 001 0 eng |
| 010 ## - LIBRARY OF CONGRESS CONTROL NUMBER |
| LC control number |
95039585 |
| 020 ## - INTERNATIONAL STANDARD BOOK NUMBER |
| International Standard Book Number |
0691043558 (alk. paper) |
| 022 ## - INTERNATIONAL STANDARD SERIAL NUMBER |
| International Standard Serial Number |
0691043558 |
| 040 ## - CATALOGING SOURCE |
| Original cataloging agency |
DLC |
| Transcribing agency |
DLC |
| Modifying agency |
DLC |
| 050 00 - LIBRARY OF CONGRESS CALL NUMBER |
| Classification number |
BJ1474 |
| Item number |
.MON 1996 |
| 100 1# - MAIN ENTRY--PERSONAL NAME |
| Personal name |
Monroe, Kristen Renwick, |
| Dates associated with a name |
1946- |
| Fuller form of name |
author |
| 245 14 - TITLE STATEMENT |
| Title |
The heart of altruism : |
| Remainder of title |
perceptions of a common humanity / |
| Statement of responsibility, etc. |
Kristen Renwick Monroe. |
| 260 ## - PUBLICATION, DISTRIBUTION, ETC. |
| Place of publication, distribution, etc. |
Princeton, N.J. : |
| Name of publisher, distributor, etc. |
Princeton University Press, |
| Date of publication, distribution, etc. |
c1996. |
| 300 ## - PHYSICAL DESCRIPTION |
| Extent |
xix, 292 pages ; |
| Dimensions |
24 cm. |
| 504 ## - BIBLIOGRAPHY, ETC. NOTE |
| Bibliography, etc. note |
Includes bibliographical references (p. [271]-283) and index. |
| 505 ## - FORMATTED CONTENTS NOTE |
| Formatted contents note |
pt. 1. The importance of altruism --<br/>pt. 2. Narratives : from self-interest to altruism --<br/>pt. 3. Traditional explanations for altruism --<br/>pt. 4. The altruistic perspective. |
| 520 ## - SUMMARY, ETC. |
| Summary, etc. |
<br/>Is all human behavior based on self-interest? Many social and biological theories would argue so, but such a perspective does not explain the many truly heroic acts committed by people willing to risk their lives to help others. In The Heart of Altruism, Kristen Renwick Monroe boldly lays the groundwork for a social theory receptive to altruism by examining the experiences described by altruists themselves: from Otto, a German businessman who rescued over a hundred Jews in Nazi Germany, to Lucille, a newspaper poetry editor, who, armed with her cane, saved a young girl who was being raped. Mo. |
| 650 #0 - SUBJECT ADDED ENTRY--TOPICAL TERM |
| Topical term or geographic name entry element |
Altruism. |
| 856 41 - ELECTRONIC LOCATION AND ACCESS |
| Materials specified |
Table of contents |
| Uniform Resource Identifier |
<a href="http://www.loc.gov/catdir/toc/prin031/95039585.html">http://www.loc.gov/catdir/toc/prin031/95039585.html</a> |
| 856 42 - ELECTRONIC LOCATION AND ACCESS |
| Materials specified |
Publisher description |
| Uniform Resource Identifier |
<a href="http://www.loc.gov/catdir/description/prin021/95039585.html">http://www.loc.gov/catdir/description/prin021/95039585.html</a> |
| 906 ## - LOCAL DATA ELEMENT F, LDF (RLIN) |
| a |
7 |
| b |
cbc |
| c |
orignew |
| d |
1 |
| e |
ocip |
| f |
19 |
| g |
y-gencatlg |
| 942 ## - ADDED ENTRY ELEMENTS (KOHA) |
| Source of classification or shelving scheme |
Library of Congress Classification |
| Koha item type |
Books |
| Classification part |
1474 |
| Item part |
MON |
| Call number prefix |
BJ |